[Event "Leon m"]
[Site "Leon"]
[Date "1997.06.10"]
[Round "3"]
[White "Anand, Viswanathan"]
[Black "Illescas Cordoba, Miguel"]
[Result "1-0"]
[WhiteElo "2765"]
[BlackElo "2635"]
[Annotator "Stohl,I"]
[PlyCount "85"]
[EventDate "1997.06.08"]
[EventType "match"]
[EventRounds "6"]
[EventCountry "ESP"]
[SourceTitle "CBM 060"]
[Source "ChessBase"]
[SourceDate "1997.09.29"]
[SourceVersion "1"]
[SourceVersionDate "1997.09.29"]
[SourceQuality "1"]

1. d4 Nf6 2. Nf3 e6 3. c4 c5 4. d5 exd5 5. cxd5 d6 6. Nc3 g6 7. e4 Bg7 (7... a6
8. a4 Bg4 9. Be2 Bxf3 10. Bxf3 Nbd7 11. O-O Bg7 12. Bf4 Qe7 13. e5 dxe5 14. d6
Qe6 15. Bg3 Rb8 16. Re1 O-O 17. Nd5 e4 18. Nc3 Rfe8 19. Nxe4 Nxe4 20. Rxe4 Qxe4
21. Bxe4 Rxe4 22. Qd2 Rbe8 23. h4 Bf6 24. Qa5 Bd8 25. Qc3 Bf6 26. Qa5 Bd8 27.
Qc3 Bf6 {1/2,Xu Jun-Hracek,Z/Bad Homburg/1997/}) 8. Be2 O-O 9. O-O a6 10. a4
Bg4 11. Bf4 Qe7 {A rather unusual move. The classical continuation is} (11...
Re8 12. Nd2 Bxe2 13. Qxe2 Nh5) ({A more modern and currently most popular
alternative is} 11... Bxf3 12. Bxf3 Qe7 13. Re1 Nbd7 14. Qd2 Rfe8 15. h3 Ne5
16. Be2 Qc7 17. Bh2 c4 18. Kh1 Rab8 19. f4 Ned7 20. Bf3 b5 21. axb5 axb5 22.
Ra6 Nc5 23. Rc6 Qa5 24. e5 Nd3 25. Re2 b4 26. Nd1 dxe5 27. fxe5 Nd7 28. e6 N7e5
$36 {Ehlvest,J-De Firmian,N/New York op/1997/}) 12. Nd2 Bxe2 13. Qxe2 Nh5 14.
Be3 Nd7 15. Rae1 {White shows his intentions to play in the centre, but
doesn't commit himself with a pawn advance.} ({The more played alternatives are
} 15. a5 Bd4 (15... Rab8 16. Ra4 Nhf6 17. Bg5 Rfe8 18. f4 Qf8 19. Qf3 b5 20.
axb6 Rxb6 21. b3 h6 22. Bh4 Nh7 23. Ne2 Reb8 24. Nc1 Ra8 25. Nc4 Rb5 26. Ra2
$16 {Gligoric,S-Rajkovic,D/JUG-ch Vrbas/1982/}) (15... Be5 $5 16. g3 Rae8 17.
Bh6 Bg7 18. Bxg7 Nxg7 19. Rfe1 f5 20. exf5 Qd8 21. Qf1 $132 {1/2,Olafsson,
H-Tal/Reykjavik/1987/}) 16. Ra4 Qf6 17. Qd3 Ne5 18. Bxd4 Nxd3 19. Bxf6 Nxf6 20.
Nc4 Rad8 21. Rd1 Nb4 22. Rd2 Ne8 23. Ra1 (23. f4 f6 24. Ra1 Nc7 25. Re1 Rfe8
26. Ree2 Nb5 27. Nxb5 axb5 28. Na3 Ra8 29. Nxb5 Red8 30. Nc7 Rxa5 31. e5 dxe5
32. fxe5 fxe5 33. Rxe5 c4 $11 {Naumkim,I-Ciemniak,R/Cappelle op/1992/}) 23...
Nc7 24. Re1 Kg7 25. b3 Rfe8 26. g4 Rd7 27. f3 Nb5 28. Ne2 f5 29. gxf5 gxf5 30.
Ng3 fxe4 31. fxe4 Kh8 32. Rf1 Nd4 33. Rg2 $1 Nxb3 34. Nf5 $16 {Kasparov,G-Suba,
M/Luzern olm/1982/}) (15. g4 Nhf6 (15... f5 $5 16. exf5 gxf5 17. gxh5 Bxc3 18.
bxc3 f4 19. Kh1 fxe3 20. Qxe3 Qf7 21. Qg3+ Kh8 22. Qxd6 Nf6 23. c4 Qxh5 24.
Rae1 b5 $13 {Sturua-Pigusov/Vilnius-mm/1984/}) 16. h3 Ne8 (16... Rab8 17. Bf4
h5 18. Nc4 Ne5 19. Nxe5 dxe5 20. Bg5 Qd7 21. Bxf6 Bxf6 22. Kg2 Kg7 23. a5 Rh8
24. f3 Qd8 25. Qf2 Rc8 26. Na4 $36 {Sekulic,D-Arsovic,Z/Belgrade Trako/1993/})
17. a5 Nc7 18. Ra4 b5 19. axb6 Nxb6 20. Ra2 Rae8 21. g5 Nd7 22. Nc4 f5 23. gxf6
Bxf6 24. f3 Ne5 25. Nd1 Nxc4 26. Qxc4 Be5 $40 {Lakic,N-Cebalo,M/Banja Luka/
1981/}) 15... b5 $6 {This ambitious pawn sacrifice seems premature.} ({More
logical is to make use of the fact Rf8 has not yet moved and further the
typical b5 advance by} 15... Rfb8 $142 16. Nc4 (16. f4 b5 17. axb5 Bxc3 18.
bxc3 axb5 19. f5 Ra3 20. g4 Nhf6 21. Bg5 Qe5 22. c4 Qd4+ 23. Kh1 Re8 24. fxg6
fxg6 25. cxb5 Ra2 26. Qf3 Rxd2 27. Bxf6 Nxf6 28. Qxf6 Qxf6 29. Rxf6 Rxd5 $11 {
Miralles,G-Yang Xian/Dubai olm/1986/}) 16... b5 17. Na5 Bxc3 18. Nc6 Qxe4 19.
Nxb8 Bxe1 20. Nxd7 Ba5 21. Qxh5 Qe7 22. Qh3 Rd8 23. axb5 axb5 24. Nxc5 dxc5 25.
Qf3 Bc7 26. g3 Be5 $15 {Li Wenliang-Ma Hongding/PRC-ch/1987/}) (15... Bd4 16.
g4 Bxe3 17. Qxe3 Nhf6 18. h3 b5 19. axb5 axb5 20. Nxb5 Rfb8 21. Na3 Rxb2 22.
Nac4 $14 {1/2,Akesson,R-Hansen,C/Copenhagen PC/1996/}) (15... Rae8 16. Kh1 Qd8
17. g4 Nhf6 18. Bf4 Ne5 19. Bxe5 Rxe5 20. f4 Ree8 21. Nc4 $6 b5 22. axb5 axb5
23. Nxb5 Nxe4 $15 {Bauer,A-Heinz,J/2.BLO/1994/}) 16. axb5 axb5 17. Nxb5 Rfb8 (
17... Bxb2 18. Nc4 Be5 19. f4 $16) (17... f5 18. exf5 Rxf5 19. g4 Nf4 20. Qf3
Ne5 21. Qg3 $18) 18. Rb1 Ra2 (18... f5 19. exf5 Nf4 20. Qc4 Ne5 21. Qxf4 Rxb5
22. Ne4 $16) 19. b4 $1 $16 {This refutes Black's idea. The Q-side disappeares
from the board and Black is simply left without a pawn fighting for his life.}
cxb4 (19... f5 20. bxc5 $1 (20. exf5 Rxd2 21. Qxd2 Rxb5 22. bxc5 $16) 20... f4
21. cxd6 Qg5 22. Bd4 $18) 20. Rxb4 Rc2 (20... Ra5 21. Rfb1 $16) 21. Qd1 Rc7 (
21... Ra2 22. Qb1 {[%cal Yd4c6,Yb5d4] /\Nd4-c6}) 22. Rb3 $1 (22. Nxc7 $143 $6
Rxb4 {[%csl Rc7] פc7}) 22... Rcb7 23. Nd4 Rxb3 24. N4xb3 Qh4 25. Nd4 Ne5 (
25... Be5 26. g3 Qf6 27. Nc6 $40) 26. N4f3 (26. N2f3 $6 Nxf3+ 27. Qxf3 Nf6 $132
{[%csl Re4] ><e4}) 26... Nxf3+ 27. Qxf3 {[%cal Rd2c4] /\Nc4} Re8 28. Rc1 $1 (
28. Nc4 $143 Qxe4 29. Qxe4 Rxe4 30. Nxd6 Re5 31. Rd1 Nf6 32. Nc8 $1 $14) 28...
Nf6 29. h3 Nd7 (29... Nxe4 30. Nxe4 Rxe4 (30... Qxe4 31. Qxe4 Rxe4 32. Rc8+ Bf8
33. Bh6 $18) 31. Rc8+ Bf8 32. g3 Rxe3 $8 (32... Qe7 33. Bh6 $18) (32... Qxh3
33. Rxf8+ $18) 33. Qxe3 Qxh3 34. Qe8 Qh6 35. Rc7 Qg7 36. Rd7 $18 {[%cal Rd7d6]
/\Rd6}) 30. Rc7 Ne5 31. Qd1 h5 $6 (31... Ra8 $142 $5 $16) 32. Qc2 Ra8 (32...
Qd8 33. Ra7 $18 {[%csl Rd6] ><d6,f7 An extra pawn and active pieces give White
a winning advantage.}) 33. Rc8+ Rxc8 34. Qxc8+ Kh7 35. g3 Qf6 (35... Qe7 $142
36. Kg2 $18) 36. Kg2 (36. f4 $5 Nd3 (36... Bh6 37. Kg2) 37. e5 Nxe5 38. fxe5 (
38. Ne4 Nf3+ 39. Kf2 Qa1 $1 $14) 38... Qxe5 39. Kf2 Qxd5 $16) 36... h4 $6 37.
f4 $1 $18 {Now it's White's turn to attack.} Nd3 38. e5 dxe5 (38... Qf5 $8 39.
Qxf5 gxf5 40. exd6 $18) (38... Qe7 39. Ne4 $18) 39. Ne4 Qf5 40. Ng5+ Kh6 41.
Qg8 {/\Qh7#} Nxf4+ 42. gxf4 Qc2+ (42... exf4 43. Nxf7+ Kh5 44. Qh7+ $18) 43.
Bf2 1-0

[Event "Chess Classics"]
[Site "Frankfurt"]
[Date "1997.??.??"]
[Round "2"]
[White "Anand, Viswanathan"]
[Black "Karpov, Anatoly"]
[Result "1-0"]
[WhiteElo "2765"]
[BlackElo "2760"]
[PlyCount "199"]
[EventDate "1997.06.26"]
[EventType "tourn (rapid)"]
[EventRounds "6"]
[EventCountry "GER"]
[EventCategory "19"]
[SourceTitle "CBM 058 Extra"]
[Source "ChessBase"]
[SourceDate "1997.07.29"]
[SourceVersion "1"]
[SourceVersionDate "1997.07.29"]
[SourceQuality "1"]

1. d4 Nf6 2. c4 e6 3. Nf3 b6 4. g3 Ba6 5. b3 Bb7 6. Bg2 Bb4+ 7. Bd2 a5 8. O-O
O-O 9. Qc2 Na6 10. Bg5 Be7 11. Nc3 Nb4 12. Qb2 h6 13. Bxf6 Bxf6 14. a3 Nc6 15.
Qd2 d5 16. cxd5 exd5 17. e3 Re8 18. Rfc1 Qd7 19. Rab1 Be7 20. Qb2 Qd6 21. Nb5
Qd7 22. Rc2 Rec8 23. Rbc1 Bf6 24. a4 Rf8 25. Ne1 Rae8 26. Nd3 Bd8 27. Nf4 Nb4
28. Bh3 f5 29. Rd2 c6 30. Nc3 Bc8 31. Na2 Nxa2 32. Qxa2 Rf6 33. Rdc2 Qd6 34.
Bg2 Bb7 35. Rc3 Rf7 36. Qc2 Rf6 37. Nh5 Rf7 38. Rxc6 Bxc6 39. Qxc6 Qxc6 40.
Rxc6 Rc7 41. Bxd5+ Kh7 42. Rd6 Rce7 43. Bc4 Bc7 44. Rc6 Rd8 45. Be6 Rd6 46.
Bxf5+ g6 47. Nf6+ Kg7 48. Ne8+ Rxe8 49. Rxc7+ Kf6 50. Bd3 Re7 51. Rc8 Rdd7 52.
Rc6+ Re6 53. Rc2 h5 54. Kg2 g5 55. h3 Red6 56. Bb5 Rf7 57. Rd2 Re7 58. Rc2 Kg7
59. Be2 Rh6 60. Rc8 h4 61. g4 Rf6 62. Bd3 Rf8 63. Rc4 Rff7 64. Rc2 Rd7 65. Bc4
Rc7 66. Rd2 Rf8 67. e4 Re7 68. f3 Rf4 69. d5 Re5 70. d6 Rf8 71. d7 Rd8 72. Rd6
Rc5 73. Kf2 Kf8 74. Bb5 Ke7 75. Rxb6 Rc2+ 76. Ke3 Rc3+ 77. Ke2 Rf8 78. Rg6
Rcxf3 79. Rxg5 Rf2+ 80. Ke1 R2f6 81. Kd2 Rf2+ 82. Kc3 Rd8 83. Re5+ Kd6 84. Re8
Kc7 85. e5 Rxd7 86. Bxd7 Kxd7 87. Rh8 Rf3+ 88. Kc4 Rxh3 89. Rh6 Rh1 90. g5 h3
91. g6 Ke6 92. Rh8 Rg1 93. Rxh3 Rxg6 94. Rd3 Rg1 95. Rd6+ Kxe5 96. Rd5+ Ke6 97.
Rxa5 Kd7 98. Ra6 Kc7 99. Rh6 Kb7 100. a5 1-0

[Event "Chess Classics"]
[Site "Frankfurt"]
[Date "1997.??.??"]
[Round "4"]
[White "Anand, Viswanathan"]
[Black "Lobron, Eric"]
[Result "1-0"]
[WhiteElo "2765"]
[BlackElo "2570"]
[PlyCount "109"]
[EventDate "1997.06.26"]
[EventType "tourn (rapid)"]
[EventRounds "6"]
[EventCountry "GER"]
[EventCategory "19"]
[SourceTitle "CBM 058 Extra"]
[Source "ChessBase"]
[SourceDate "1997.07.29"]
[SourceVersion "1"]
[SourceVersionDate "1997.07.29"]
[SourceQuality "1"]

1. d4 f5 2. g3 Nf6 3. Bg2 e6 4. c4 Be7 5. Nc3 O-O 6. Nf3 d6 7. O-O a5 8. Re1
Ne4 9. Nd2 Nxc3 10. bxc3 e5 11. e4 f4 12. Rb1 Nc6 13. Nf3 fxg3 14. hxg3 Bg4 15.
Rxb7 Qc8 16. Rb2 Qe8 17. d5 Nb8 18. Qd3 Na6 19. Nh2 Nc5 20. Qc2 Qh5 21. Be3 Rf7
22. Nxg4 Qxg4 23. Qd1 Qg6 24. Bxc5 dxc5 25. Bh3 Kh8 26. Bf5 Qh6 27. Kg2 g6 28.
Rh1 Qg5 29. Be6 Rff8 30. Qg4 Qf6 31. Qe2 Kg7 32. Rhb1 Bd6 33. Rb7 h5 34. R1b6
Kh8 35. Qe3 Qxf2+ 36. Qxf2 Rxf2+ 37. Kxf2 Rf8+ 38. Kg1 cxb6 39. Rxb6 Rd8 40.
Ra6 Kg7 41. Rxa5 Kf6 42. Ra6 Ke7 43. Ra7+ Kf6 44. Bd7 Rf8 45. Kg2 g5 46. a4 g4
47. a5 Kg5 48. Ra6 Bc7 49. Bf5 Rf6 50. Ra7 Bd8 51. a6 Rb6 52. Rg7+ Kf6 53. a7
Rb2+ 54. Kf1 Ra2 55. Rg8 1-0

[Event "Chess Classics"]
[Site "Frankfurt"]
[Date "1997.??.??"]
[Round "5"]
[White "Karpov, Anatoly"]
[Black "Anand, Viswanathan"]
[Result "1-0"]
[WhiteElo "2760"]
[BlackElo "2765"]
[PlyCount "91"]
[EventDate "1997.06.26"]
[EventType "tourn (rapid)"]
[EventRounds "6"]
[EventCountry "GER"]
[EventCategory "19"]
[SourceTitle "CBM 058 Extra"]
[Source "ChessBase"]
[SourceDate "1997.07.29"]
[SourceVersion "1"]
[SourceVersionDate "1997.07.29"]
[SourceQuality "1"]

1. c4 e5 2. Nc3 Nf6 3. Nf3 Nc6 4. g3 Bb4 5. Bg2 O-O 6. Nd5 Bc5 7. O-O d6 8. d3
Nxd5 9. cxd5 Nd4 10. Nxd4 Bxd4 11. e3 Bb6 12. b4 Bd7 13. a4 a5 14. b5 f5 15.
Bd2 Qf6 16. Rc1 Qg6 17. Rc4 f4 18. exf4 Qxd3 19. Qc1 exf4 20. Bxf4 Qg6 21. Be3
Rac8 22. Bxb6 cxb6 23. Rxc8 Bxc8 24. Qc7 Qg4 25. f4 g5 26. Qxd6 gxf4 27. Rxf4
Rxf4 28. Qxf4 Qxf4 29. gxf4 Bf5 30. d6 Kf8 31. Bxb7 Bc2 32. Bc6 Bxa4 33. f5 Bb3
34. f6 Be6 35. d7 Bxd7 36. Bxd7 Kf7 37. Kf2 Kxf6 38. Ke3 Ke5 39. Bc6 h6 40. Kd3
h5 41. Ke3 h4 42. Kd3 Kf5 43. Kd4 Kg4 44. Bd7+ Kf3 45. Kd5 a4 46. Kc4 1-0

[Event "Chess Classics f"]
[Site "Frankfurt"]
[Date "1997.??.??"]
[Round "1"]
[White "Anand, Viswanathan"]
[Black "Karpov, Anatoly"]
[Result "1-0"]
[WhiteElo "2765"]
[BlackElo "2760"]
[PlyCount "97"]
[EventDate "1997.06.27"]
[EventType "match (rapid)"]
[EventRounds "4"]
[EventCountry "GER"]
[SourceTitle "CBM 058 Extra"]
[Source "ChessBase"]
[SourceDate "1997.07.29"]
[SourceVersion "1"]
[SourceVersionDate "1997.07.29"]
[SourceQuality "1"]

1. d4 Nf6 2. c4 e6 3. Nf3 b6 4. g3 Ba6 5. b3 b5 6. cxb5 Bxb5 7. Nc3 Ba6 8. Bg2
d5 9. b4 Bd6 10. O-O O-O 11. Rb1 Nbd7 12. Qc2 Qe7 13. a3 Bc4 14. Nd2 Ba6 15.
Rd1 c6 16. e4 e5 17. Nb3 Rac8 18. Bb2 Rfe8 19. Rbc1 Bc4 20. dxe5 Bxe5 21. Na5
Nb6 22. Ba1 Qf8 23. Re1 Ba6 24. exd5 cxd5 25. Qb3 Bc4 26. Nxc4 dxc4 27. Qc2 Bd4
28. Nb5 Rxe1+ 29. Rxe1 Bxa1 30. Rxa1 Qe7 31. Nd4 Qe5 32. Rd1 Rd8 33. Nc6 Rxd1+
34. Qxd1 Qc7 35. Qd4 h6 36. a4 Nxa4 37. Qxc4 Nb6 38. Qa6 Qd6 39. Qxa7 Qd1+ 40.
Bf1 Nbd5 41. Ne5 Qh5 42. Qb8+ Kh7 43. Bd3+ g6 44. Nxf7 Kg7 45. Qb7 Qd1+ 46. Bf1
h5 47. Ng5+ Kh6 48. Ne6 Ne8 49. Qf7 1-0

[Event "Chess Classics f"]
[Site "Frankfurt"]
[Date "1997.??.??"]
[Round "3"]
[White "Anand, Viswanathan"]
[Black "Karpov, Anatoly"]
[Result "1/2-1/2"]
[WhiteElo "2765"]
[BlackElo "2760"]
[PlyCount "162"]
[EventDate "1997.06.27"]
[EventType "match (rapid)"]
[EventRounds "4"]
[EventCountry "GER"]
[SourceTitle "CBM 058 Extra"]
[Source "ChessBase"]
[SourceDate "1997.07.29"]
[SourceVersion "1"]
[SourceVersionDate "1997.07.29"]
[SourceQuality "1"]

1. e4 c6 2. d4 d5 3. Nc3 dxe4 4. Nxe4 Nd7 5. Nf3 Ngf6 6. Nxf6+ Nxf6 7. c3 Bg4
8. h3 Bh5 9. Be2 e6 10. O-O Bd6 11. Ne5 Bxe2 12. Qxe2 O-O 13. Bg5 Be7 14. Rfd1
Qc7 15. Nd3 Rad8 16. Bf4 Bd6 17. Be3 Be7 18. Bf4 Qa5 19. Ne5 Nd7 20. Nc4 Qa6
21. Kf1 Nb6 22. Nxb6 Qxb6 23. Be3 Qc7 24. Kg1 Bf6 25. Rd2 Rd7 26. Rad1 Qa5 27.
a3 Qb5 28. Qd3 Qb3 29. Qb1 a5 30. Kf1 b5 31. Qc2 Qc4+ 32. Qd3 a4 33. Qxc4 bxc4
34. Ke2 Rd5 35. Rc1 h5 36. g4 hxg4 37. hxg4 g5 38. Rdc2 Be7 39. Rh1 Kg7 40. f3
Kg6 41. Kf1 Bd6 42. Kg2 f5 43. Re2 Re8 44. Bf2 f4 45. Rhe1 Kf7 46. Rh1 Bf8 47.
Rc1 Bg7 48. Rcc2 Bf6 49. Re4 Rb5 50. Rce2 Re7 51. Kf1 Rd5 52. Kg2 Rd6 53. Kf1
Ke8 54. Kg2 Kd7 55. Kf1 Rd5 56. Kg2 Rb5 57. Kf1 Rb8 58. Kg2 Rh8 59. Re1 Rh6 60.
Bg1 Kd6 61. R1e2 Bg7 62. Re1 Rb7 63. R1e2 Rb5 64. Bf2 Kd7 65. Bg1 Bf8 66. Re5
Rd5 67. Rxd5+ cxd5 68. Kf1 Rh3 69. Kg2 Rg3+ 70. Kf2 Bd6 71. Bh2 Rh3 72. Kg2 Rh8
73. Bg1 Rb8 74. Bf2 Rb3 75. Be1 Bxa3 76. bxa3 Rxa3 77. Re5 Ra1 78. Kf1 a3 79.
Rxg5 Kc6 80. Rg8 Kb7 81. Rg7+ Kb6 1/2-1/2

[Event "Dortmund SuperGM 25th"]
[Site "Dortmund"]
[Date "1997.07.06"]
[Round "3"]
[White "Jussupow, Artur"]
[Black "Anand, Viswanathan"]
[Result "0-1"]
[WhiteElo "2640"]
[BlackElo "2765"]
[Annotator "Huzman,A"]
[PlyCount "64"]
[EventDate "1997.07.04"]
[EventType "tourn"]
[EventRounds "9"]
[EventCountry "GER"]
[EventCategory "18"]
[SourceTitle "CBM 060"]
[Source "ChessBase"]
[SourceDate "1997.09.29"]
[SourceVersion "1"]
[SourceVersionDate "1997.09.29"]
[SourceQuality "1"]

1. d4 {Tischbierek Ftacnik} d5 2. c4 dxc4 3. e3 Nf6 4. Bxc4 e6 5. Nf3 c5 6. O-O
a6 7. Qe2 b5 8. Bb3 Bb7 9. a4 b4 10. Nbd2 Be7 11. Nc4 O-O 12. Rd1 Qc7 (12...
Nbd7 13. Nfe5 Qc7 14. e4 $6 cxd4 15. Bf4 Qc5 16. Rac1 Qa7 17. Na5 Bc5 18. Nxb7
Qxb7 $44 {Khalifman,A-Sadler,M/Hastings 1995/0-1 (52)}) 13. Bd2 Nbd7 14. Nfe5 (
14. Rac1 Rac8 (14... a5 15. Nfe5 Nb6 16. Nd3 Nxc4 17. Bxc4 Qc6 18. Nf4 Rac8 19.
Bb5 {1/2-1/2 Kallai,G-Lanc,A/Tbilisi 1987}) 15. Bc2 cxd4 16. Nxd4 Ne5 17. Nxe5
Qxe5 $15 {1/2-1/2 Meduna Eduard-Mokry Karel/Extra League 1995 (27)}) 14... Rfd8
15. Rac1 a5 16. Be1 Nxe5 (16... Bd5 $5 {Ftacnik} 17. Nxd7 Rxd7 18. Nd2 $11) 17.
dxe5 {[%csl Rd6]} (17. Nxe5 Bd6 18. f4 {[%cal Ge1h4]} Ne4 $15) 17... Nd7 18. f4
Ba6 (18... Nb6 $5 19. Rxd8+ Qxd8 20. Rd1 Qc7 21. Nxb6 (21. Nd6 Bd5 $17) 21...
Qxb6 22. f5 $5 (22. Bc4 Rd8) 22... Ba6 (22... exf5 $140 23. Rd7) 23. Qf3 (23.
Qg4 c4 24. f6 Bf8 $17) 23... Rd8 24. Rxd8+ Bxd8 {[%cal Yc5c4]}) (18... Bd5 $6
19. e4 Bxc4 20. Qxc4 Nb6 21. Qb5 c4 $140 22. Bf2 $1) 19. Qc2 (19. e4 $6 Nb6)
19... Bxc4 (19... Nb6 {Ftacnik} 20. Nxb6 Qxb6 21. Bf2 $11) 20. Qxc4 (20. Bxc4
$1 Nb6 21. b3 Nxc4 22. Qxc4 $11) 20... Nb6 21. Rxd8+ Qxd8 (21... Rxd8 22. Qb5 {
Ftacnik} (22. Qa6 c4 23. Bxc4 (23. Qxa5 Rd5 24. Qa6 Bc5 $15) 23... Nxa4) 22...
Nd5 $11) 22. Qb5 g6 (22... c4 23. Bxc4 (23. Bd1 {[%cal Gd1f3]} Qd5 24. Qxd5
exd5 $15) 23... Rc8 24. b3 Rc5 25. Qa6 Qc7 (25... g6 $5 $17 {Anand <-> c}) 26.
e4 $1 $14 {[%cal Ge1f2]}) 23. Bd1 (23. Rd1 {Ftacnik} Qc7 24. e4 c4 25. Bf2 cxb3
26. Bxb6 Qc2 $11) 23... c4 24. Bf3 (24. Be2 {Ftacnik} Rc8 25. Bxc4 Rc5 26. Qa6
Nxc4 27. Rxc4 Qd3 28. Qa8+ Kg7 29. Rxc5 Bxc5 $15) 24... Rb8 25. Qxa5 c3 $1 26.
bxc3 (26. b3 Qd3 (26... Qc7 $44) 27. Kf2 (27. Bf2 c2 28. Qb5 (28. Qa7 Rc8 29.
Qxe7 Qd2 $19) 28... Qxb3 29. Qe2 (29. a5 Qb2 30. Qf1 Nc4 31. a6 Bc5 $19) 29...
Qxa4 30. Rxc2 b3 $17) (27. Rd1 {Ftacnik} Qxe3+ 28. Bf2 Qxf4 29. Qa7 (29. Bxb6
c2 $19) 29... Re8 $17 (29... Rd8 $1)) 27... Nd7 $1 {Tischbierek} (27... Nd5 28.
Qa7 Rb6 $1 29. Bxd5 (29. e4 Bc5+ 30. Kg3 Nxf4 $19) 29... Bc5 $1 $19) 28. Rd1
Qc2+ 29. Kg1 Nc5 $36) 26... b3 27. Rb1 (27. Qb5 $142 Nd7 $1 28. Qd3 Qc7 $44) (
27. Rd1 {Ftacnik} Qc8 28. Be2 Nd5 $13) 27... Qd3 28. Rxb3 (28. Rd1 {Ftacnik}
Qc2 $1 29. Qa7 Rd8 30. Qxe7 Rxd1 31. Bxd1 Qxd1 $19) 28... Qxe3+ 29. Kf1 (29.
Bf2 $2 {Ftacnik} Qc1+) 29... Bc5 $40 {[%cal Yb8d8,Yd8d2]} 30. Qb5 (30. Rb2 Kg7
$1 $19 {[%cal Yb6c4,Yc4d2]} (30... Kg7 {Ftacnik} 31. Qb5 Nd7 32. Bb7 Qxf4+ $17)
) 30... Rd8 31. c4 (31. a5 {Ftacnik} Nd5 32. Bxd5 Rxd5 33. Qe8+ Kg7 34. Rb8
Qd3#) (31. Rb2 $8 {Tischbierek} Qg1+ 32. Ke2 Nd5 33. Bxd5 Rxd5 34. Rd2) 31...
Rd3 32. Qe8+ (32. Rxd3 Qxd3+ 33. Be2 Qd4 34. Bf3 Nxc4 $19) 32... Kg7 (32... Kg7
{Ftacnik} 33. Rxd3 Qxd3+ 34. Be2 Qd4 35. Bf3 Nxc4 (35... Qxc4+ {Tischbierek}
36. Be2 Qxf4+) 36. Qb5 Qg1+ 37. Ke2 Qe3+ 38. Kd1 Qd3+ 39. Kc1 Ba3+ 40. Qb2
Bxb2#) 0-1

[Event "Dortmund SuperGM 25th"]
[Site "Dortmund"]
[Date "1997.07.10"]
[Round "6"]
[White "Anand, Viswanathan"]
[Black "Gelfand, Boris"]
[Result "1/2-1/2"]
[WhiteElo "2765"]
[BlackElo "2695"]
[Annotator "Gelfand,B"]
[PlyCount "91"]
[EventDate "1997.07.04"]
[EventType "tourn"]
[EventRounds "9"]
[EventCountry "GER"]
[EventCategory "18"]
[SourceTitle "CBM 060"]
[Source "ChessBase"]
[SourceDate "1997.09.29"]
[SourceVersion "1"]
[SourceVersionDate "1997.09.29"]
[SourceQuality "1"]

1. Nf3 {Huzman} Nf6 2. d4 g6 3. c4 Bg7 4. Nc3 O-O 5. e4 d6 6. Be2 e5 7. O-O Nc6
8. d5 Ne7 9. b4 Nh5 10. Nd2 Nf4 11. Bf3 Nd3 (11... a5 {Huzman} 12. bxa5 Nd3 13.
Nb3 Nxc1 14. Rxc1 Bh6 15. Rc2 f5 16. Nb5 fxe4 17. Bxe4 Nf5 18. Qd3 $14 {
1/2-1/2 Starke,D-Beck,D/OLO-B 1993 (27)}) (11... g5 {Huzman} 12. g3 Neg6 13.
gxf4 exf4 14. Bb2 Ne5 15. Be2 g4 16. Kh1 Qh4 17. Rg1 f5 18. f3 g3 19. Rg2 $16 {
Zagorskis,D-Pachow,J/Berliner Sommer 1993/1-0 (50)}) 12. Ba3 a5 (12... b6 13.
Be2 Nf4 14. c5 Nxe2+ 15. Qxe2 bxc5 16. bxc5 a5 17. Nc4 Ba6 18. Rab1 f5 19. f3
Qd7 20. Rfc1 fxe4 21. fxe4 Bh6 22. c6 Qe8 {1/2-1/2 Zagorskis,D-Timoshenko,G/
Berliner Sommer ;EXT 94op 1994 (82)}) 13. bxa5 Rxa5 14. Nb5 Bd7 $5 (14... Nc5
15. Nb3 Nxb3 16. Qxb3 Bd7 17. Bb4 Ra8 18. Nc3 b6 19. a4 Qb8 20. Rfb1 f5 21. a5
$16 {0-1 Rittner,Horst-Temmink,H/cr 1991 (54)}) 15. Nb3 Ra4 16. Bxd6 $6 (16.
Qxd3 Bxb5 17. Nd2 (17. cxb5 Rxa3 18. Qc4 (18. Rfc1 $5) 18... c5 {Anand} 19.
bxc6 bxc6 20. dxc6 Qb6 $11) 17... Bd7 (17... Qa8 18. Bxd6 cxd6 19. cxb5 Rc8 $5
$13 (19... Rxa2 $140 20. Rxa2 Qxa2 21. Nc4 Nc8 22. Bg4 f5 23. exf5 gxf5 24.
Bxf5 Rxf5 25. Qxf5 Qxc4 26. Qe6+ Kf8 27. g3 $16)) 18. Bd1 (18. c5 {Huzman} Qa8
$36 {[%cal Ya8a2]}) 18... Ra6 19. c5 Qa8 20. Bb4 Nc8 $13) 16... cxd6 17. Qxd3
Bxb5 18. cxb5 Bh6 (18... Qb6 $5 19. Nd2 Rfa8 $44) 19. Bd1 Kg7 (19... Qa8 20.
Qh3 Kg7 (20... Bg5 {Huzman} 21. Re1 {[%cal Yh3d7]}) 21. Nc5 (21. Qd7 Nc8 22.
Nc5 dxc5 23. Bxa4 Nb6 24. Qc7 Nxa4 25. Qxe5+ Kg8) 21... dxc5 22. Bxa4 Qxa4 23.
Qd7 $16) 20. Qc2 $1 (20. Re1 $5 {Huzman} Qb6 $44) 20... Qc8 $8 21. Qxc8 Nxc8
22. Nc5 (22. Re1 {Huzman} Nb6 $36 {[%cal Yf8a8]}) (22. Bc2 {Huzman} Nb6 $44 {
[%cal Yf8a8]}) 22... Rb4 (22... Ra5 $5 {Huzman} 23. Na4 Rxb5 $15) 23. a3 (23.
Nd3 Rxe4 24. a4 Rd4 25. Nb2 Nb6 $17) 23... Rxb5 24. Na4 (24. Nd3 f5 25. Bf3 Rf7
26. Rab1 Rxb1 27. Rxb1 Rc7 $17) (24. Nd7 Rd8 25. Bg4 Ne7 26. Rfb1 Rxb1+ 27.
Rxb1 f5 28. Rxb7 fxg4 29. Nxe5 $17) 24... f5 25. exf5 (25. Bc2 {Huzman} Rf7 $1
$15 {[%cal Yf7c7]}) 25... gxf5 26. Be2 Rxd5 $2 (26... Ra5 $1 27. Nc3 (27. Nb2
Rxd5) 27... Rc5 28. Na4 (28. Nb5 Rd8 29. Rfd1 Ne7 30. a4 Kf6 31. a5 Rxd5 $17)
28... Rc2 29. Bd3 Rd2 30. Rfd1 Rxd1+ 31. Rxd1 $15) 27. Rfb1 Ra5 28. Nb6 $1 $11
(28. Rxb7+ {Huzman} Rf7 29. Rxf7+ Kxf7 30. Nc3 $15) 28... Nxb6 29. Rxb6 d5 30.
Rxb7+ Rf7 31. Rb5 Rfa7 (31... Rxb5 {Huzman} 32. Bxb5 d4 33. a4 Rb7 34. Rd1 $11)
32. Rab1 Bg5 (32... e4 33. Rd1) 33. Rxa5 Rxa5 34. Rb5 Rxb5 35. Bxb5 Kf6 36. Bd7
e4 37. g4 fxg4 (37... f4 38. f3 Bh4 39. a4 Ke5 40. a5 Bd8 41. a6 Bb6+ 42. Kf1
exf3 43. g5 $11) 38. Bxg4 d4 39. a4 Bd2 40. Kf1 d3 41. Bc8 Ke5 42. h3 Ba5 43.
Bd7 Kf4 44. Bg4 h6 45. Bd7 h5 46. Be8 1/2-1/2